<?xml version="1.0" encoding="UTF-8"?>
<collection xmlns="http://www.loc.gov/MARC21/slim">
 <record>
  <leader>01441nam a2200229Ia 4500</leader>
  <controlfield tag="001">TDMU_40192</controlfield>
  <controlfield tag="008">210410s9999    xx            000 0 und d</controlfield>
  <datafield tag="082" ind1=" " ind2=" ">
   <subfield code="a">658.85</subfield>
  </datafield>
  <datafield tag="090" ind1=" " ind2=" ">
   <subfield code="b">H309</subfield>
  </datafield>
  <datafield tag="100" ind1=" " ind2=" ">
   <subfield code="a">Hill, Napoleon</subfield>
  </datafield>
  <datafield tag="245" ind1=" " ind2="0">
   <subfield code="a">Thói quen thành công</subfield>
  </datafield>
  <datafield tag="245" ind1=" " ind2="0">
   <subfield code="b">Success Habits : Bí mật để luyện nghĩ giàu, thực hành làm giàu</subfield>
  </datafield>
  <datafield tag="245" ind1=" " ind2="0">
   <subfield code="c">Napoleon Hill; Phúc Lâm (dịch)</subfield>
  </datafield>
  <datafield tag="260" ind1=" " ind2=" ">
   <subfield code="a">H.</subfield>
  </datafield>
  <datafield tag="260" ind1=" " ind2=" ">
   <subfield code="b">Hồng Đức</subfield>
  </datafield>
  <datafield tag="260" ind1=" " ind2=" ">
   <subfield code="c">2019</subfield>
  </datafield>
  <datafield tag="300" ind1=" " ind2=" ">
   <subfield code="a">322tr.</subfield>
  </datafield>
  <datafield tag="520" ind1=" " ind2=" ">
   <subfield code="a">Gồm các nội dung: Xác định mục đích; Làm chủ mục đích xác định; Tư duy chính xác; Cách để có tư duy chính xác; Vận dụng niềm tin; Những câu chuyện thành công nhờ áp dụng nguyên tắc vận dụng niềm tin; Mười lăm nguyên nhân chính gây ra thất bại; Bền bỉ và quyết đoán; Kỷ luật tự giác; Tính cách hòa nhã; Phân tích sâu hơn về tính cách hòa nhã; Sức mạnh thói quen vũ trụ; Thêm ứng dụng về quy luật sức mạnh thói quen vũ trụ</subfield>
  </datafield>
  <datafield tag="650" ind1=" " ind2=" ">
   <subfield code="a">Bí quyết thành công</subfield>
   <subfield code="x">Thành công tài chính; Nguyên tắc thành công</subfield>
  </datafield>
  <datafield tag="700" ind1=" " ind2=" ">
   <subfield code="a">Phúc Lâm</subfield>
  </datafield>
  <datafield tag="856" ind1=" " ind2=" ">
   <subfield code="u">http://lrc.tdmu.edu.vn/opac/search/detail.asp?aID=2&amp;ID=40192</subfield>
  </datafield>
  <datafield tag="980" ind1=" " ind2=" ">
   <subfield code="a">Trung tâm Học liệu Trường Đại học Thủ Dầu Một</subfield>
  </datafield>
 </record>
</collection>
